| 000 | 00658pam a2200205 4500 | ||
|---|---|---|---|
| 001 | 1546 | ||
| 003 | Uk | ||
| 005 | 20181127163506.0 | ||
| 008 | 081202s2009 njuab 000 0 eng d | ||
| 020 | _a0691044201 (pbk.) | ||
| 020 | _a069104421X (hbk.) | ||
| 020 | _a9780691044200 (pbk.) | ||
| 020 | _a9780691044217 (hbk.) | ||
| 245 | 0 | 0 |
_aIslam in South Asia in practice / _cBarbara D. Metcalf, editor. |
| 260 |
_aPrinceton, N.J. ; _aWoodstock : _bPrinceton University Press, _cc2009. |
||
| 300 |
_axxv, 474 p. : _bill., maps ; _c24 cm. |
||
| 490 | 0 | _aPrinceton readings in religions. | |
| 650 | 0 |
_aIslam _zSouth Asia. |
|
| 700 | 1 |
_aMetcalf, Barbara Daly, _d1941- |
|
| 999 |
_c1151 _d1151 |
||